000 00464nam a2200169 i 4500
001 146274
003 ES-MaACL
005 20230906201457.0
007 t|
008 070906s1978 sp ||||1| spa d
100 1 _aTrías, Eugenio.
_9111368
245 1 0 _aConocer a Thomas Mann y su obra /
_cEugenio Trías.
250 _a[1ª ed.].
260 _a[Barcelona] :
_bDopesa,
_c[1978]
300 _a111 p. :
_bil. ;
_c18 cm.
852 _aES-MaACL
_jA-9172
_bR.97956
999 _c146274
_d146274